Đạo đức 1 Sách giáo viên
Guardat en:
| Autor principal: | |
|---|---|
| Altres autors: | |
| Format: | Llibre |
| Idioma: | Undetermined |
| Publicat: |
H.
Giáo dục
2002
|
| Matèries: | |
| Accés en línia: | http://lrc.tdmu.edu.vn/opac/search/detail.asp?aID=2&ID=4209 |
| Etiquetes: |
Afegir etiqueta
Sense etiquetes, Sigues el primer a etiquetar aquest registre!
|
| Thư viện lưu trữ: | Trung tâm Học liệu Trường Đại học Thủ Dầu Một |
|---|
| LEADER | 00720nam a2200217Ia 4500 | ||
|---|---|---|---|
| 001 | TDMU_4209 | ||
| 008 | 210410s9999 xx 000 0 und d | ||
| 082 | |a 170.72 | ||
| 090 | |b L522 | ||
| 100 | |a Lưu, Thu Thủy | ||
| 245 | 0 | |a Đạo đức 1 | |
| 245 | 0 | |b Sách giáo viên | |
| 245 | 0 | |c Lưu Thu Thủy | |
| 260 | |a H. | ||
| 260 | |b Giáo dục | ||
| 260 | |c 2002 | ||
| 300 | |a 92tr | ||
| 650 | |a Đạo đức |x Giảng dạy và học tập |x Tiểu học; Sách lớp 1; Sách giáo viên lớp 1 | ||
| 700 | |a Nguyễn, Thị Việt Hà | ||
| 856 | |u http://lrc.tdmu.edu.vn/opac/search/detail.asp?aID=2&ID=4209 | ||
| 980 | |a Trung tâm Học liệu Trường Đại học Thủ Dầu Một | ||